000
00290nam a2200121Ia 4500
008
220216s9999 xx 000 0 und d
245
0
_a
Pneumatic tyres rail buses
260
_b
Rubber Developments
_c
1954
300
_a
14-17
650
_a
Pneumatic tyre
650
_a
Rail bus
942
_c
JS
999
_c
65204
_d
65204